Les 20 villes les plus peuplées de la Manche (50) - Statistiques

Statistiques générales
  • Ce quiz a été pris 51 fois
  • Le résultat moyen est 9 sur 20
Statistiques - réponses
HINT HINT ANSWER % Correct
19 352 S Saint-Lô
98%
12 799 G Granville
95%
78 028 C Cherbourg-en-Cotentin
93%
10 225 A Avranches
88%
8 372 C Coutances
88%
11 444 L La Hague
67%
6 896 V Valognes
62%
10 220 C Carentan-les-Marais
48%
4 966 S Saint-James
40%
5 735 S Saint-Hilaire-du-Harcouët
36%
3 480 B Bréhal
31%
5 888 B Bricquebec-en-Cotentin
31%
4 319 P Pontorson
29%
4 266 A Agneaux
21%
3 845 V Villedieu-les-Poêles-Rouffigny
14%
4 441 T Torigny-les-Villes
12%
4 372 S Saint-Pair-sur-Mer
10%
4 136 C Condé-sur-Vire
7%
3 986 L La Haye-du-Puits
7%
3 319 B Bourgvallées
2%
Aucun quiz correspondant
Distribution des résultats
% des personnes avec chaque résultat
Percentile par nombre de réponses
Votre historique - résultats
Vous n’avez pas pris ce quiz